Kardeş sesler 2014: hikâye, şiir, deneme (Record no. 18702)

000 -LEADER
fixed length control field 01543nmm a2200445 a 4500
001 - CONTROL NUMBER
control field ocm0002016477
003 - CONTROL NUMBER IDENTIFIER
control field TR-IsHL
005 - DATE AND TIME OF LATEST TRANSACTION
control field 20201028175515.0
008 - FIXED-LENGTH DATA ELEMENTS--GENERAL INFORMATION
fixed length control field 181029s2014 tu tur
007 - PHYSICAL DESCRIPTION FIXED FIELD--GENERAL INFORMATION
fixed length control field cr cn
020 ## - INTERNATIONAL STANDARD BOOK NUMBER
International Standard Book Number 9786055988906
035 ## - SYSTEM CONTROL NUMBER
System control number 2016477
-- (N$T)
050 04 - LIBRARY OF CONGRESS CALL NUMBER
Classification number PL240
Item number .K373 2014
090 04 - LOCALLY ASSIGNED LC-TYPE CALL NUMBER (OCLC); LOCAL CALL NUMBER (RLIN)
Classification number (OCLC) (R) ; Classification number, CALL (RLIN) (NR) PL240
Local cutter number (OCLC) ; Book number/undivided call number, CALL (RLIN) .K373 2014
245 10 - TITLE STATEMENT
Title Kardeş sesler 2014: hikâye, şiir, deneme
Medium [electronic resource] /
Statement of responsibility, etc. Ahmet Turgut, Azize Kaya, Bünyamin Zile, Büşra Demir, Büşra Konaktaş, Ebabekir Cambolat, Nesrin Askeran Ünal, Rumeysa Atasay, Sacide Uslu, Sema Tanrıverdioğlu Ersöz, Ülkü Taşlıova
250 ## - EDITION STATEMENT
Edition statement 1. Baskı
260 ## - PUBLICATION, DISTRIBUTION, ETC.
Place of publication, distribution, etc. Ankara :
Name of publisher, distributor, etc. Bengü Yayınları,
Date of publication, distribution, etc. 2014
300 ## - PHYSICAL DESCRIPTION
Extent 230 p.
650 #4 - SUBJECT ADDED ENTRY--TOPICAL TERM
Topical term or geographic name entry element Dil ve Edebiyat
650 #4 - SUBJECT ADDED ENTRY--TOPICAL TERM
Topical term or geographic name entry element Language and Literature
650 #0 - SUBJECT ADDED ENTRY--TOPICAL TERM
Topical term or geographic name entry element Türk edebiyatı
General subdivision Hikayeler
650 #0 - SUBJECT ADDED ENTRY--TOPICAL TERM
Topical term or geographic name entry element Short stories, Turkish
650 #0 - SUBJECT ADDED ENTRY--TOPICAL TERM
Topical term or geographic name entry element Türk şiiri
650 #0 - SUBJECT ADDED ENTRY--TOPICAL TERM
Topical term or geographic name entry element Turkish poetry
650 #0 - SUBJECT ADDED ENTRY--TOPICAL TERM
Topical term or geographic name entry element Türk denemeleri
650 #0 - SUBJECT ADDED ENTRY--TOPICAL TERM
Topical term or geographic name entry element Turkish essays
650 #7 - SUBJECT ADDED ENTRY--TOPICAL TERM
Topical term or geographic name entry element LITERARY COLLECTIONS / Middle Eastern
Source of heading or term bisacsh
700 1# - ADDED ENTRY--PERSONAL NAME
Personal name Turgut, Ahmet
700 1# - ADDED ENTRY--PERSONAL NAME
Personal name Kaya, Azize
700 1# - ADDED ENTRY--PERSONAL NAME
Personal name Zile, Bünyamin
700 1# - ADDED ENTRY--PERSONAL NAME
Personal name Demir, Büşra
700 1# - ADDED ENTRY--PERSONAL NAME
Personal name Konaktaş, Büşra
700 1# - ADDED ENTRY--PERSONAL NAME
Personal name Cambolat, Ebabekir
700 1# - ADDED ENTRY--PERSONAL NAME
Personal name Ünal, Nesrin Askeran
700 1# - ADDED ENTRY--PERSONAL NAME
Personal name Atasay, Rümeysa
700 1# - ADDED ENTRY--PERSONAL NAME
Personal name Uslu, Sacide
700 1# - ADDED ENTRY--PERSONAL NAME
Personal name Ersöz, Sema Tanrıverdioğlu
700 1# - ADDED ENTRY--PERSONAL NAME
Personal name Taşlıova, Ülkü
856 40 - ELECTRONIC LOCATION AND ACCESS
Uniform Resource Identifier <a href="http://search.ebscohost.com/login.aspx?direct=true&scope=site&db=e011xww&AN=2016477">http://search.ebscohost.com/login.aspx?direct=true&scope=site&db=e011xww&AN=2016477</a>
Holdings
Withdrawn status Lost status Source of classification or shelving scheme Damaged status Not for loan Collection code Permanent Location Current Location Date acquired Total Checkouts Full call number Barcode Date last seen Price effective from Koha item type
        Online   Kıbrıs Amerikan Üniversitesi Kütüphanesi / American University of Cyprus Kıbrıs Amerikan Üniversitesi Kütüphanesi / American University of Cyprus 28.10.2020   PL240 .K373 2014 2016477 28.10.2020 28.10.2020 E-Kitap
Devinim Yazılım Eğitim Danışmanlık tarafından Koha'nın orjinal sürümü uyarlanarak geliştirilip kurulmuştur.